| 000 | 00553nam a2200217 a 4500 | ||
|---|---|---|---|
| 001 | 0001-2192 | ||
| 003 | ELIB.Books | ||
| 008 | 190802 2010 eng | ||
| 020 | _a0345339711 | ||
| 092 |
_aB _bTol |
||
| 100 | _aTolkien, J.R.R. | ||
| 245 | _aThe Two Towers | ||
| 260 |
_aNew York _bBallantine Books _c1987 |
||
| 300 |
_a447 _c17cm |
||
| 650 | _aBallantine Books | ||
| 856 |
_nKBTS Library _uKBTS Elib |
||
| 942 |
_2ddc _cBK |
||
| 990 | _a2 | ||
| 998 |
_aEnglishbooks.elf _ccat _e2019-08-02 _mcat _u2019-08-02 |
||
| 999 |
_c12192 _d12192 |
||